<?xml version="1.0" encoding="UTF-8"?>
<record
    xmlns:xsi="http://www.w3.org/2001/XMLSchema-instance"
    xsi:schemaLocation="http://www.loc.gov/MARC21/slim http://www.loc.gov/standards/marcxml/schema/MARC21slim.xsd"
    xmlns="http://www.loc.gov/MARC21/slim">

  <leader>00964cam a2200205 a 4500</leader>
  <controlfield tag="001">000001367</controlfield>
  <controlfield tag="005">20200929145545.0</controlfield>
  <controlfield tag="008">720306s1971    xxc      d    000 0ceng d</controlfield>
  <datafield tag="020" ind1=" " ind2=" ">
    <subfield code="a">0802032621 (v. 1)</subfield>
  </datafield>
  <datafield tag="040" ind1=" " ind2=" ">
    <subfield code="a">DO-SdBNP</subfield>
    <subfield code="b">spa</subfield>
    <subfield code="c">BNPHU</subfield>
  </datafield>
  <datafield tag="082" ind1=" " ind2=" ">
    <subfield code="a">790.0971</subfield>
    <subfield code="b">C912</subfield>
  </datafield>
  <datafield tag="245" ind1="0" ind2="0">
    <subfield code="a">Creative Canada :</subfield>
    <subfield code="b">a biographical dictionary of twentieth-century creative and performing artists /</subfield>
    <subfield code="c">compilaci&#xF3;n Divisi&#xF3;n de Referencia, Biblioteca McPherson, de la Universidad de Victoria ; pr&#xF3;logo Helen McGregor Rodney.</subfield>
  </datafield>
  <datafield tag="260" ind1=" " ind2=" ">
    <subfield code="a">[Toronto] :</subfield>
    <subfield code="b">McPherson Biblioteca de la Universidad de Victoria, Universidad de Toronto,</subfield>
    <subfield code="c">1971.</subfield>
  </datafield>
  <datafield tag="300" ind1=" " ind2=" ">
    <subfield code="a">v. ;</subfield>
    <subfield code="c">26 cm.</subfield>
  </datafield>
  <datafield tag="500" ind1=" " ind2=" ">
    <subfield code="a">La biblioteca s&#xF3;lo posee el volumen 1.</subfield>
  </datafield>
  <datafield tag="650" ind1=" " ind2="4">
    <subfield code="a">Artisas</subfield>
    <subfield code="z">Canad&#xE1;</subfield>
    <subfield code="x">Biograf&#xED;a</subfield>
    <subfield code="x">Dictionarios</subfield>
    <subfield code="9">4583</subfield>
  </datafield>
  <datafield tag="650" ind1=" " ind2="4">
    <subfield code="a">Artes</subfield>
    <subfield code="z">Canad&#xE1;</subfield>
    <subfield code="x">Biograf&#xED;a</subfield>
    <subfield code="x">Dictionarios.</subfield>
    <subfield code="9">4584</subfield>
  </datafield>
  <datafield tag="700" ind1="1" ind2=" ">
    <subfield code="a">McGregor Rodney, Helen,</subfield>
    <subfield code="e">pr&#xF3;l.</subfield>
    <subfield code="9">4585</subfield>
  </datafield>
  <datafield tag="710" ind1="1" ind2=" ">
    <subfield code="a">University of Victoria (B.C.).</subfield>
    <subfield code="b">Library.</subfield>
    <subfield code="b">Reference Division.</subfield>
    <subfield code="9">4586</subfield>
  </datafield>
  <datafield tag="952" ind1=" " ind2=" ">
    <subfield code="0">0</subfield>
    <subfield code="1">0</subfield>
    <subfield code="5">4</subfield>
    <subfield code="7">0</subfield>
    <subfield code="8">MO</subfield>
    <subfield code="a">GR</subfield>
    <subfield code="b">GR</subfield>
    <subfield code="c">HD</subfield>
    <subfield code="d">2009-09-04</subfield>
    <subfield code="i">LF1</subfield>
    <subfield code="l">0</subfield>
    <subfield code="o">790.0971 C912</subfield>
    <subfield code="p">1367-10</subfield>
    <subfield code="r">2020-06-25</subfield>
    <subfield code="w">2020-06-25</subfield>
    <subfield code="y">4</subfield>
    <subfield code="Z">Pr&#xE9;stamo en sala</subfield>
  </datafield>
  <datafield tag="999" ind1=" " ind2=" ">
    <subfield code="c">1293</subfield>
    <subfield code="d">1293</subfield>
  </datafield>
</record>
